000 00355nam a2200169Ia 4500
100 _aThomas/Cecilia
650 _aPhilosophy
942 _cBK
366 _f25
654 _amaturity
245 _aJourney to Maturity
260 _bBetter Yourself Books
_aBandra
_c1998
082 _a170/THO
_bTHO
300 _a92
546 _aENGLISH
999 _c19262
_d19262